00302nam a2200121Ia 4500008004100000082001800041100002300059245002800082250000800110260003200118300000800150650002200158150201s1998 xx 000 0 und d a610.734bF98C aCOLE, BETH VAUGHAN aFAMILY NURSING PRACTICE a1ST bW.B. SAUNDERSaU.S.A.c1998 a368 aCOMMUNITy NURSING